| 000 | 00416nam a2200169Ia 4500 | ||
|---|---|---|---|
| 100 | _aRahimi/Saeed K/ Haug/Frank S | ||
| 650 | _aDATABASE MANAGEMENT | ||
| 942 | _cBK | ||
| 366 | _f27 | ||
| 654 | _adatabase management | ||
| 245 | _aDistributed database management systems: A practical approach | ||
| 260 |
_bWiley _c2010 |
||
| 082 |
_a5.74 _bRAH |
||
| 300 | _a728 | ||
| 546 |
_aENGLISH _cComputers |
||
| 999 |
_c19033 _d19033 |
||